Ashithayute kathakal/ (Record no. 3217)

000 -LEADER
fixed length control field 00369nam a22001571a 4500
020 ## - INTERNATIONAL STANDARD BOOK NUMBER
ISBN 9788171306480
082 ## - DEWEY DECIMAL CLASSIFICATION NUMBER
Classification number M301
Item number ASH/A
100 ## - MAIN ENTRY--AUTHOR NAME
Personal name Ashitha
245 ## - TITLE STATEMENT
Title Ashithayute kathakal/
Statement of responsibility, etc by Ashitha
260 ## - PUBLICATION, DISTRIBUTION, ETC. (IMPRINT)
Place of publication Kottayam:
Name of publisher D C Books,
Year of publication 1996.
300 ## - PHYSICAL DESCRIPTION
Number of Pages 88p.
650 ## - SUBJECT ADDED ENTRY--TOPICAL TERM
Topical Term Stories Malayalam
650 ## - SUBJECT ADDED ENTRY--TOPICAL TERM
Topical Term Literature Malayalam
650 ## - SUBJECT ADDED ENTRY--TOPICAL TERM
Topical Term Literature
942 ## - ADDED ENTRY ELEMENTS (KOHA)
Koha item type Book
Holdings
Withdrawn status Lost status Damaged status Not for loan Permanent Location Current Location Shelving location Date acquired Cost, normal purchase price Full call number Accession Number Cost, replacement price Price effective from Koha item type
        Sree Sankaracharya University of Sanskrit Sree Sankaracharya University of Sanskrit Stacks 08.01.2015 32.00 M301 ASH/A 025296 0.00 08.01.2015 Book
Write off     1 Sree Sankaracharya University of Sanskrit Sree Sankaracharya University of Sanskrit Stacks 08.01.2015 32.00 M301 ASH/A 040201 0.00 08.01.2015 Book
Write off       Sree Sankaracharya University of Sanskrit Sree Sankaracharya University of Sanskrit   18.10.2023   M301 ASH/A 002519   18.10.2023 Book
Write off       Sree Sankaracharya University of Sanskrit Sree Sankaracharya University of Sanskrit Stacks 10.11.2023   M301 ASH/A 006695   10.11.2023 Book